Historia Argentina
Saved in:
| Hovedforfatter: | |
|---|---|
| Format: | Bog |
| Sprog: | spansk |
| Udgivet: |
Buenos Aires
Troquel
1964
|
| Udgivelse: | 7a. ed |
| Fag: | |
| Tags: |
Tilføj Tag
Ingen Tags, Vær først til at tagge denne postø!
|
MARC
| LEADER | 00000nam a2200000 a 4500 | ||
|---|---|---|---|
| 001 | UCO3145 | ||
| 003 | CL-VaPUC | ||
| 008 | 000714e19640000AG |||||||||||||||||spa|d | ||
| 082 | 0 | 4 | |a 982 |b COS |2 21 |
| 100 | 0 | |a Cosmelli Ibáñez, José |e author |9 447040 | |
| 245 | 1 | 0 | |a Historia Argentina |
| 250 | |a 7a. ed | ||
| 300 | |a 647 p | ||
| 942 | |c BK | ||
| 945 | |d 20000714 00:00:00 |a rherrera | ||
| 260 | |a Buenos Aires |b Troquel |c 1964 | ||
| 650 | 0 | |a Historia de Argentina |9 319851 | |
| 650 | 7 | |a DESCUBRIMIENTO Y CONQUISTA DE ARGENTINA |2 CL-VaPUC |9 446939 | |
| 650 | 0 | |a Virreinato del Río de La Plata |9 373725 | |
| 650 | 0 | |a Periodo Colonial |9 257430 | |
| 650 | 7 | |a INDEPENDENCIA DE ARGENTINA |2 CL-VaPUC |9 447041 | |
| 650 | 7 | |a PRESIDENTES ARGENTINA |2 CL-VaPUC |9 447042 | |
| 651 | 0 | |a Argentina |9 254888 | |
| 583 | |a last modification |c 20000714 00:00:00 |k Rodrigo Vera | ||
| 999 | |c 289615 |d 289613 | ||
| 952 | |0 0 |1 0 |4 0 |6 982_000000000000000_COS_1964 |7 0 |8 A |9 338181 |a BIBHIS |b BIBHIS |d 2019-11-20 |i 129959K |o 982 COS 1964 |p 129959K |r 2025-01-20 |w 2019-11-20 |y BK |k HIS | ||